Statistics for E1-名神高速道路のトンネル

Click here to take the quiz!

General Stats

  • This quiz has been taken 6 times
  • The average score is 4 of 10

Answer Stats

Pref.Answer% Correct
京都府/大阪府天王山
80%
滋賀県蝉丸
80%
岐阜県/滋賀県関ヶ原
60%
滋賀県彦根
60%
滋賀県米原
40%
滋賀県大津
40%
岐阜県今須
0%
大阪府梶原第二
0%
大阪府梶原第一
0%
大阪府千里山
0%

Score Distribution

Percentile by Number Answered

Percent of People with Each Score

Your Score History

You have not taken this quiz